000 00304nam a2200121Ia 4500
008 240624s9999 xx 000 0 und d
041 _aeng
082 _a006.7 SHA
100 _aSHARMA RISHABH
245 _aCLOUD COMPUTING FUNDAMENTALS INDUSTRY AP
260 _c2015
_aNew Delhi
_bWiley
365 _cRS
_b33
999 _c26328
_d26328